| 000 | 01467cam a2200313 i 4500 | ||
|---|---|---|---|
| 003 | SA-RiAUC | ||
| 005 | 20250201064513.0 | ||
| 008 | 250201s1998 su o g f01000 ara c | ||
| 020 | _a9960629251 | ||
| 040 |
_aSA-RiAUC _bara _cSA-RiAUC _erda |
||
| 043 | _aa-su--- | ||
| 082 | 0 | 4 |
_a381.09531 _qSA-RiAUC |
| 090 |
_a381.09531 _bغ ر ف |
||
| 110 | 2 |
_aالغرفة التجارية الصناعية (مكة المكرمة) _eمؤلف. |
|
| 245 | 1 | 0 |
_aغرفة مكة المكرمة : _bمسيرة وإنجاز ورجال / _cالغرفة التجارية الصناعية ؛ إعداد فائز صالح جمال. |
| 250 | _aالطبعة الأولى. | ||
| 264 | 1 |
_aمكة المكرمة : _bالغرفة التجارية الصناعية، _c[1998] |
|
| 300 |
_a127 صفحة : _bصور ؛ _c24 سم |
||
| 336 |
_aنص _btxt _2rdacontent _3كتاب |
||
| 337 |
_aبدون وسيط _bn _2rdamedia |
||
| 338 |
_aمجلد _bnc _2rdacarrier |
||
| 500 | _aكتاب يحكي تاريخ الغرفة التجارية الصناعية بمكة المكرمة 1368-1418 هـ. | ||
| 500 | _aقامت الغرفة بطبعه بمناسبة احتفالاتها بمرور خمسين عاما على تأسيسها. | ||
| 650 | 7 |
_aالغرف التجارية _zالسعودية _2aucsh |
|
| 651 | 7 |
_aالسعودية _xمطبوعات حكومية _2aucsh |
|
| 700 | 1 |
_aجمال، فائز صالح _eمعد. |
|
| 942 |
_2ddc _cBOOK |
||
| 949 |
_aSA-JeALM _d250201 _ukhaled123 _n1 |
||
| 999 |
_c5473 _d5473 |
||